000 00779nam a22002657a 4500
001 BR2017001237
003 BR-BrBNA
005 20230928105105.0
007 ta
008 230509b bl.||||| |||| 00| 0 por d
040 _aBR-BrBNA
_bpor
_cBiblioteca Nacional de Agricultura
041 _a(Por)
072 _aU10
090 _ U10 BR2017001237
100 1 _aSimão, S.D.
110 1 _aUniversidade Federal de Lavras, MG (Brasil)
_0Tese (Mestrado)
245 1 _aAplicação da teoria de modelos mistos a dados longitudinais
260 3 _aLavras, MG (Brasil):
_c2016.
300 _a130 p.
500 _aSummaries (Eng, Por); 47 ref.; 21 illus.; 7 tables
650 _aMODELO MATEMÁTICO
650 _aRESÍDUO
909 _a202309
_bLucia
_c55
_dLucia Elande
942 _cBK
999 _c83362
_d83362